[Event "C.to Europeo U14 femminile"]
[Site "Albena BUL"]
[Date "2011.09.12"]
[Round "2"]
[White "Gueci, Laura"]
[Black "Martin Perez, Laura"]
[Result "1/2-1/2"]
[WhiteElo "1808"]
[BlackElo "1949"]
[PlyCount "188"]
[EventDate "2011.09.11"]

1. e4 c5 2. Nf3 Nc6 3. d4 cxd4 4. Nxd4 g6 5. c4 Bg7 6. Nc2 d6 7. Be2 Nf6 8. Nc3
O-O 9. O-O Nd7 10. Bd2 Nc5 11. b4 Bxc3 12. Bxc3 Nxe4 13. Bb2 f5 14. Bf3 Nf6 15.
Bxc6 bxc6 16. Nd4 Qc7 17. Re1 e5 18. Nf3 e4 19. Nd4 Qd7 20. b5 Bb7 21. Qb3 cxb5
22. cxb5+ Bd5 23. Qg3 Nh5 24. Qg5 Qf7 25. a4 Nf6 26. Nxf5 Kh8 27. Nxd6 Qe6 28.
Nxe4 Bxe4 29. Bxf6+ Kg8 30. Qe3 Qxf6 31. Qxe4 Qxf2+ 32. Kh1 Rad8 33. Qc4+ Qf7
34. Qxf7+ Rxf7 35. Kg1 Rd2 36. Rf1 Rxf1+ 37. Kxf1 Rb2 38. Rc1 h5 39. Rc8+ Kf7
40. Rc7+ Ke8 41. Rxa7 Rb1+ 42. Kf2 Rb2+ 43. Kg3 g5 44. h3 Rb3+ 45. Kh2 Rb4 46.
Rh7 Rxa4 47. Rxh5 g4 48. h4 Rb4 49. Rg5 Kf7 50. Kg3 Kf6 51. Rxg4 Rxb5 52. Kh3
Rb3+ 53. g3 Rb5 54. Rf4+ Kg6 55. Kg4 Rb6 56. h5+ Kh6 57. Kh4 Rb1 58. Rf6+ Kg7
59. Rg6+ Kh7 60. g4 Ra1 61. Rb6 Rc1 62. Rb7+ Kg8 63. h6 Kh8 64. Kh5 Rc5+ 65. g5
Ra5 66. Rf7 Kg8 67. Rb7 Rc5 68. Rb6 Kh7 69. Rf6 Ra5 70. Rf7+ Kg8 71. Rc7 Rb5
72. Kg6 Rb6+ 73. Kf5 Rb5+ 74. Kf6 Rb6+ 75. Ke7 Rg6 76. Rc5 Rb6 77. Rd5 Rg6 78.
Rf5 Ra6 79. Rf8+ Kh7 80. Rf6 Ra7+ 81. Ke6 Ra6+ 82. Kf5 Ra5+ 83. Kg4 Ra4+ 84.
Rf4 Ra6 85. Rf5 Kg6 86. Rf4 Kh7 87. Kh5 Ra5 88. Rg4 Rb5 89. Ra4 Rc5 90. Ra6 Rb5
91. Kg4 Rb1 92. Kf5 Rf1+ 93. Ke6 Kg6 94. Ra5 Re1+ 1/2-1/2

[Event "C.to Europeo U14 femminile"]
[Site "Albena BUL"]
[Date "2011.09.13"]
[Round "3"]
[White "Martin Perez, Laura"]
[Black "Colantuono, Virginia"]
[Result "1/2-1/2"]
[WhiteElo "1949"]
[BlackElo "1804"]
[PlyCount "141"]
[EventDate "2011.09.11"]

1. e4 e5 2. Nf3 Nc6 3. Bb5 a6 4. Bxc6 dxc6 5. O-O Qf6 6. d4 exd4 7. Qxd4 Qxd4
8. Nxd4 Bd7 9. Be3 O-O-O 10. Nc3 Bd6 11. Rad1 h5 12. Nb3 h4 13. h3 f6 14. Nc5
g5 15. Nxd7 Rxd7 16. Ne2 Re7 17. f3 Nh6 18. Nd4 Rg8 19. Bf2 c5 20. Nb3 b6 21.
Rfe1 Nf7 22. Nd2 Ne5 23. Nf1 Ng6 24. Ne3 Be5 25. c3 Nf4 26. Nf5 Rd7 27. Rxd7
Kxd7 28. Rd1+ Bd6 29. Kf1 Rd8 30. Be3 Ke8 31. Kf2 Be5 32. Rxd8+ Kxd8 33. Bxf4
Bxf4 34. g3 hxg3+ 35. Nxg3 Kd7 36. Nf5 b5 37. c4 c6 38. b3 Ke6 39. h4 gxh4 40.
Nxh4 Be5 41. Nf5 Bf4 42. Ke2 Ke5 43. Kd3 Ke6 44. Ne3 Be5 45. Ng2 Kf7 46. f4 Bc7
47. Ke3 Kg6 48. Kf3 Kf7 49. Kg4 Ke6 50. Ne1 Bb8 51. Nd3 Bd6 52. Kh5 Be7 53. Kg6
Bd6 54. f5+ Ke7 55. Kg7 a5 56. Kg6 Bc7 57. Nxc5 Be5 58. Nd3 Bd4 59. cxb5 cxb5
60. Nf4 Kd6 61. Nd5 Ke5 62. Nxf6 Kf4 63. Kf7 a4 64. Ke6 axb3 65. axb3 Bb2 66.
b4 Ba1 67. Nh5+ Kxe4 68. f6 Bc3 69. Ng3+ Kd3 70. Nf5 Bxf6 71. Kxf6 1/2-1/2

[Event "C.to Europeo U14 femminile"]
[Site "Albena BUL"]
[Date "2011.09.13"]
[Round "3"]
[White "Ivanova, Simoneta"]
[Black "Gueci, Laura"]
[Result "1-0"]
[WhiteElo "1936"]
[BlackElo "1808"]
[PlyCount "107"]
[EventDate "2011.09.11"]

1. d4 d5 2. c4 c6 3. Nf3 Nf6 4. e3 e6 5. b3 Bd6 6. Bb2 Nbd7 7. Bd3 O-O 8. O-O
dxc4 9. bxc4 Re8 10. Ne5 c5 11. Nd2 Qc7 12. f4 cxd4 13. exd4 b6 14. Qf3 Bb7 15.
Qh3 Bf8 16. Ndf3 Be4 17. Be2 h6 18. Nd2 Bh7 19. Bf3 Rac8 20. Rac1 Bb4 21. Rf2
Nxe5 22. fxe5 Bxd2 23. Rxd2 Ne4 24. Bxe4 Bxe4 25. Ba3 Qb7 26. Bd6 b5 27. c5 Rc6
28. Rf1 Bg6 29. Qf3 h5 30. Rb2 Rec8 31. d5 exd5 32. Qxd5 Qd7 33. Rxb5 Bf5 34.
Ra5 Be6 35. Qf3 Bg4 36. Qa3 Ra8 37. Ra4 a6 38. Raf4 Be6 39. Qb2 Ra7 40. Rb4 Rc8
41. Rb6 Qa4 42. a3 Qe4 43. Rc1 Bd5 44. Qd2 Bc6 45. Rb4 Qg6 46. Rc3 Qf5 47. Rg3
Bb5 48. h4 Qe6 49. Qg5 g6 50. Qxh5 Kg7 51. Qg5 Rh8 52. Rf4 Be2 53. Rf6 Qa2 54.
Rxg6+ 1-0

[Event "C.to Europeo U14 femminile"]
[Site "Albena BUL"]
[Date "2011.09.14"]
[Round "4"]
[White "Colantuono, Virginia"]
[Black "Paramzina, Anastasya"]
[Result "0-1"]
[WhiteElo "1804"]
[BlackElo "1908"]
[PlyCount "60"]
[EventDate "2011.09.11"]

1. e4 c5 2. Nf3 d6 3. d4 cxd4 4. Nxd4 Nf6 5. Nc3 a6 6. Be2 e6 7. f4 Qc7 8. O-O
Nbd7 9. Be3 b5 10. Bf3 Bb7 11. a3 Nc5 12. e5 dxe5 13. fxe5 Qxe5 14. Re1 Qc7 15.
Bxb7 Nxb7 16. Qf3 Be7 17. Kh1 O-O 18. Rad1 Rac8 19. Bf4 Qb6 20. Nf5 exf5 21.
Rxe7 Na5 22. Be3 Qb8 23. Qxf5 Nc6 24. Ne4 Nxe7 25. Nxf6+ gxf6 26. Qxf6 Rcd8 27.
Rd4 Ng6 28. h4 Qe5 29. Qf2 Rxd4 30. Bxd4 Qf4 0-1

[Event "C.to Europeo U14 femminile"]
[Site "Albena BUL"]
[Date "2011.09.15"]
[Round "5"]
[White "Machlik, Monika"]
[Black "Colantuono, Virginia"]
[Result "1/2-1/2"]
[WhiteElo "1690"]
[BlackElo "1804"]
[PlyCount "75"]
[EventDate "2011.09.11"]

1. d4 Nf6 2. c4 g6 3. Nf3 Bg7 4. Nc3 O-O 5. e4 d6 6. Bd3 Nbd7 7. O-O c5 8. Be3
Ng4 9. Qe2 Nxe3 10. fxe3 h6 11. Kh1 Nf6 12. h3 a6 13. Rad1 Nh5 14. Qf2 cxd4 15.
exd4 Nf4 16. Qe3 Nxd3 17. Qxd3 e6 18. Rf2 Bd7 19. b3 Qa5 20. Rc2 Rac8 21. Ne2
Rfd8 22. Rdc1 Bc6 23. d5 Bd7 24. dxe6 Bxe6 25. Ned4 Qh5 26. Rf1 g5 27. Rcf2 g4
28. Nxe6 fxe6 29. Nd2 gxh3 30. Qxh3 Qxh3+ 31. gxh3 Rf8 32. Kg2 Rxf2+ 33. Rxf2
Rf8 34. Rxf8+ Kxf8 35. Kg3 Kf7 36. Nf3 Kf6 37. Kf4 Bf8 38. Nd2 1/2-1/2

[Event "C.to Europeo U14 femminile"]
[Site "Albena BUL"]
[Date "2011.09.17"]
[Round "6"]
[White "Gueci, Laura"]
[Black "Machlik, Monika"]
[Result "0-1"]
[WhiteElo "1808"]
[BlackElo "1690"]
[PlyCount "102"]
[EventDate "2011.09.11"]

1. e4 e5 2. Nf3 Nc6 3. Bc4 Bc5 4. b4 Bxb4 5. c3 Ba5 6. d4 exd4 7. Qb3 Qe7 8.
O-O Bb6 9. Ba3 Na5 10. Qa4 Qd8 11. Bd3 Ne7 12. cxd4 O-O 13. Nc3 d6 14. h3 Bd7
15. Qc2 h6 16. Rad1 Nac6 17. Ne2 Re8 18. e5 d5 19. Qb1 Qc8 20. Ng3 Kh8 21. Bc2
Na5 22. Nd2 Bxd4 23. Nf3 Bb6 24. Bxe7 Rxe7 25. Rxd5 Bc6 26. Rd3 Qe8 27. Nf5 Re6
28. N5d4 Bxd4 29. Nxd4 Rxe5 30. Nxc6 Qxc6 31. Rfd1 Qe8 32. Qb4 b6 33. Qc3 Rc5
34. Qd2 Nc4 35. Qb4 Nd6 36. Bb3 Re5 37. Qc3 Rc5 38. Qb4 Re5 39. Bd5 Rc8 40. Qc3
Kg8 41. f4 Re7 42. Bc6 Qf8 43. f5 Re2 44. Bd7 Ne4 45. Qe5 Rd8 46. Rd5 Qa3 47.
Qxc7 Qe3+ 48. Kh1 Rf8 49. Rg1 Nf2+ 50. Kh2 Nxh3 51. Bb5 Qxg1+ 0-1

[Event "C.to Europeo U14 femminile"]
[Site "Albena BUL"]
[Date "2011.09.19"]
[Round "8"]
[White "Tedoshvili, Ana"]
[Black "Gueci, Laura"]
[Result "0-1"]
[WhiteElo "1496"]
[BlackElo "1808"]
[PlyCount "54"]
[EventDate "2011.09.11"]

1. d4 d5 2. Nf3 Nf6 3. c4 c6 4. c5 g6 5. Bf4 Bg7 6. e3 Nbd7 7. Nc3 O-O 8. Bd3
Nh5 9. Bg3 Nxg3 10. hxg3 e5 11. Be2 e4 12. Nh2 b6 13. cxb6 Qxb6 14. Qc2 Rb8 15.
O-O-O Ba6 16. Ng4 Bxe2 17. Qxe2 c5 18. Nxd5 Qe6 19. Nc3 cxd4 20. exd4 Rfc8 21.
d5 Qb6 22. Qc2 h5 23. Ne3 Ne5 24. Kd2 Nd3 25. Rb1 Nxf2 26. Rhf1 Bh6 27. Rfe1
Qd4+ 0-1

[Event "C.to Europeo U14 femminile"]
[Site "Albena BUL"]
[Date "2011.09.20"]
[Round "9"]
[White "Gueci, Laura"]
[Black "Amrayeva, Aytan Arzuman Qizi"]
[Result "1/2-1/2"]
[WhiteElo "1808"]
[BlackElo "1939"]
[PlyCount "58"]
[EventDate "2011.09.11"]

1. e4 e6 2. d4 d5 3. Nd2 Nf6 4. e5 Nfd7 5. c3 c5 6. Bd3 Nc6 7. Ne2 cxd4 8. cxd4
f6 9. exf6 Nxf6 10. O-O Bd6 11. Nf3 Qc7 12. Bg5 O-O 13. Bh4 Bd7 14. Bg3 Rae8
15. Rc1 Qb8 16. Bb1 Re7 17. Re1 Be8 18. Bxd6 Qxd6 19. Ng3 Qf4 20. Ne2 Qh6 21.
Ng3 Ng4 22. h3 Nf6 23. Ne5 Nxe5 24. Rxe5 Bg6 25. Bxg6 Qxg6 26. Qd2 h6 27. Qb4
Qf7 28. Re3 b6 29. Rce1 Rfe8 1/2-1/2